Detalles MARC
| 000 -LIDER |
| fixed length control field |
01277nam a22002897a 4500 |
| 001 - NÚMERO DE CONTROL |
| Identificador de número de control |
0074 |
| 003 - IDENTIFICACDOR DE NÚMERO DE CONTROL |
| control field |
DO-SdBNP |
| 005 - DATE AND TIME OF LATEST TRANSACTION |
| control field |
20151111120121.0 |
| 007 - CAMPOS FIJOS DE DESCRIPCIÓN FÍSICA |
| fixed length control field |
0074 |
| 008 - ELEMENTOS DE LONGITUD FIJA |
| fixed length control field |
150929b mx 2011 xxu||||| |||| 00| 0 spa d |
| 020 ## - ISBN |
| International Standard Book Number |
9786074360288 |
| 040 ## - FUENTE DE CATALOGACIÓN |
| Agencia que crea de manera original el registro |
BPMSU |
| Idioma de catalogación |
spa |
| Agencia que realiza la transcripción |
BPMSU |
| 092 ## - LOCALLY ASSIGNED DEWEY DECIMAL CALL NUMBER |
| Número de clasificación |
613.0432 |
| Número de ítem (Cutter) |
N577c |
| 245 00 - MENCIÓN DE TITULO |
| Título |
Niñas : |
| Subtítulo |
cuidados y salud / |
| Mención de responsabilidad |
Ramiro Martínez Menéndez dirección editorial; ilustraciones Ramiro Martínez Menéndez, Benjamín Llanos Paulino; colaboración Paulina Martínez Menéndez |
| 260 ## - PUBLICACIÓN, DISTRIBUCIÓN, ETC. (PIE DE IMPRENTA) |
| Lugar de publicación, distribución, etc |
Mexico : |
| Nombre del editor, distribuidor, etc. |
Euroméxico, |
| -- |
Lexus, |
| Fecha de publicación, distribución, etc |
2011 |
| 300 ## - DESCRIPCIÓN FÍSICA |
| Extensión |
186 p. : |
| Otros detalles físicos |
il. |
| Dimensiones |
32 cm.+ CD-ROM |
| 505 0# - NOTA DE CONTENIDO |
| Texto normalizado de contenido |
El cabello -- Los ojos -- Los oídos -- La nariz -- La boca -- La cara -- Las manos -- La piel -- Brazos -- Piernas -- Los pies -- Mis huesos -- Mi salud -- Me alimento sano -- Trastornos alimenticios -- El ejercicio -- Cambios en mi cuerpo -- Mi cuerpo cambia -- Mi sexualidad -- Para verme mejor. |
| 650 ## - ENCABEZAMIENTO DE MATERIA--TEMÁTICO |
| Término temático o nombre geográfico como elemento de entrada |
SALUD INFANTIL |
| 650 ## - ENCABEZAMIENTO DE MATERIA--TEMÁTICO |
| Término temático o nombre geográfico como elemento de entrada |
NUTRICIÓN INFANTIL |
| 650 ## - ENCABEZAMIENTO DE MATERIA--TEMÁTICO |
| Término temático o nombre geográfico como elemento de entrada |
DESARROLLO INFANTIL |
| 700 10 - ASIENTO SECUNDARIO -- NOMBRE PERSONAL |
| Nombre personal |
Martínez Menéndez, Ramiro, |
| Mención de responsabilidad |
ed. |
| 700 10 - ASIENTO SECUNDARIO -- NOMBRE PERSONAL |
| Nombre personal |
Martínez Menéndez, Paulina |
| Mención de responsabilidad |
colab. |
| 700 10 - ASIENTO SECUNDARIO -- NOMBRE PERSONAL |
| Nombre personal |
Martínez Menéndez, Ramiro, |
| Mención de responsabilidad |
il. |
| 700 10 - ASIENTO SECUNDARIO -- NOMBRE PERSONAL |
| Nombre personal |
Llanos Patiño, Benjamín |
| Mención de responsabilidad |
il. |
| 942 ## - ADDED ENTRY ELEMENTS (KOHA) |
| Source of classification or shelving scheme |
Dewey Decimal Classification |
| Koha item type |
Libros |
| 956 ## - LOCAL ELECTRONIC LOCATION AND ACCESS (OCLC) |
| Nombre de host |
Brenda Tavárez |